00622nam a2200181 a 450000100100000000500170001000800410002702000150006804000250008304100080010810000270011624500760014326000380021930000270025750400330028495201060031799900170042300003657520200930075816.0120120s1991 xxu 000 0 spa d a0060163127 aDO-SdBNPbspacBNPHU17aeng1 aLeeds, Dorothy.96284410aMarketing yourself :bthe ultimate job seeker's guide /cDorothy Leeds. aNew York :bHarperCollins,c1991. axvii, 296 p. ;c25 cm. aBibliografía :p (.177-179) 0010507-18MOaGRbGRcOId2012-01-20iLF1l0o p36575-10r2020-06-25w2020-06-25y1ZNo se presta c36066d36066